| 000 | 00363nam a2200145Ia 4500 | ||
|---|---|---|---|
| 008 | 150201s2000 xx 000 0 und d | ||
| 082 |
_a617.525 _bE2000C |
||
| 100 | _aCHAUDERY ,DHIRAJ | ||
| 245 | _aESSENTIAL UNDERGRADUATE SURGERY | ||
| 250 | _a1ST | ||
| 260 |
_bJAYPEE MEDICAL PUBLISHER _aDELHI _c2000 |
||
| 300 | _a1-650 | ||
| 650 | _aSURGERY | ||
| 942 |
_2ddc _cBK |
||
| 999 |
_c3021 _d3021 |
||